LEADER 01101nam a2200253 u 4500 001 000000042047 003 CaOOAMICUS 005 20070226114301.0 008 990218s1959 gw u000 u ger u 035 $a10814696 040 $aPUL(R)$bita 100 1 $aWieacker, Franz,$d1908-1994.$0(OLS)http://pul/name/7047 245 10$aGründer und Bewahrer :$bRechtslehrer der neueren deutschen Privatrechtsgeschichte /$cFranz Wieacker. 260 $aGöttingen :$bVandenhoeck & Ruprecht,$c1959. 300 $a238 p. ;$c21 cm 500 $aContiene indici. 504 $aBibliografia in nota. 650 4$aDiritto privato$zGermania.$0(OLS)http://pul/subject/15287 850 $aPUL 852 $aPUL$W1$xDP2 Diritto e Scienze Sociali 1$y65$m182 M 14$j56882$nBK-PRI$qStampati$B56882$CPULBib$Z2$F56882 $H67931 $82 941 1 $a8 961 $aDono Gabrio Lombardi. 996 $6245$aGründer und Bewahrer :$bRechtslehrer der neueren deutschen Privatrechtsgeschichte$9(OLS)http://pul/title/56719 996 $6260$aGöttingen :$bVandenhoeck & Ruprecht$9(OLS)http://pul/publisher/47973 LEADER 01201nam a2200265 u 4500 001 000000114584 003 CaOOAMICUS 005 20090216111817.0 008 090216s2009 it a u0000u ita r 040 $aPUL$bita$dLDB 041 1 $aita$heng 100 1 $aHawking, Stephen W.,$d1942-2018.$0(OLS)http://pul/name/41890 240 10$aBrief history of time.$hItaliano.$0(OLS)http://pul/title/84163 245 10$aDal Big Bang ai buchi neri :$bbreve storia del tempo /$cStephen W. Hawking. 260 $aMilano :$bR.C.S. Libri ;$aMilano :$bFabbri,$cc2009. 300 $a214 p. :$bill. ;$c22 cm. 490 1 $aGrande biblioteca della scienza 650 4$aCosmologia.$0(OLS)http://pul/subject/526 830 0$aGrande biblioteca della scienza.$0(OLS)http://pul/title/143993 850 $aPUL 852 $aPUL$W1$xDP2 Cons. Gen., Altre Classi 3$y97$m503 COLL 1.3$j131005$qDDC 21$B130011$CPULBib$Z2$F130011 $H109570 $82 941 1 $a9 996 $6245$aDal Big Bang ai buchi neri :$bbreve storia del tempo$9(OLS)http://pul/title/84164 996 $6260$aMilano :$bR.C.S. Libri$9(OLS)http://pul/publisher/74600 996 $6260$aMilano :$bFabbri$9(OLS)http://pul/publisher/55162